[Event "Hastings Centenary Masters"]
[Site "Hastings"]
[Date "1995.08.26"]
[Round "8"]
[White "Cooper, Lawrence"]
[Black "Ferguson, Mark"]
[Result "1/2-1/2"]
[WhiteElo "2315"]
[BlackElo "2360"]
[PlyCount "22"]
[EventDate "1995.08.20"]
[EventType "swiss"]
[EventRounds "9"]
[EventCountry "ENG"]
[SourceTitle "BritBase"]
[Source "John Saunders"]
[SourceDate "2023.06.01"]
[SourceVersion "1"]
[SourceVersionDate "2023.06.01"]
[SourceQuality "1"]

1. e4 e5 2. Nf3 Nc6 3. Bb5 a6 4. Ba4 Nf6 5. O-O Be7 6. Re1 b5 7. Bb3 O-O 8. a4
Bb7 9. d3 d6 10. c3 Na5 11. Ba2 c5 1/2-1/2

[Event "Hastings Centenary Masters"]
[Site "Hastings"]
[Date "1995.08.26"]
[Round "8"]
[White "Costello, Colin A"]
[Black "Kennaugh, Charles W"]
[Result "0-1"]
[WhiteElo "2115"]
[BlackElo "2310"]
[PlyCount "118"]
[EventDate "1995.08.20"]
[EventType "swiss"]
[EventRounds "9"]
[EventCountry "ENG"]
[SourceTitle "BritBase"]
[Source "John Saunders"]
[SourceDate "2023.06.01"]
[SourceVersion "1"]
[SourceVersionDate "2023.06.01"]
[SourceQuality "1"]

1. c4 e5 2. Nc3 Bb4 3. g3 Bxc3 4. bxc3 Qe7 5. Bg2 e4 6. f3 f5 7. fxe4 fxe4 8.
Nh3 Nf6 9. O-O Qc5+ 10. Kh1 Qxc4 11. d3 Qxc3 12. Bg5 O-O 13. Rc1 Qe5 14. Qb3+
Kh8 15. Bxe4 d5 16. Bxf6 gxf6 17. Bg2 c6 18. Nf4 Na6 19. e4 d4 20. Bh3 Bxh3 21.
Nxh3 Nc5 22. Qc4 b6 23. Rf5 Qd6 24. Rcf1 Nd7 25. Qc1 Rg8 26. Nf4 Rg5 27. Nh5
Rxf5 28. Rxf5 Rg8 29. Qf1 Rg6 30. Nf4 Rg5 31. Nh5 Rxf5 32. Qxf5 b5 33. g4 Qe7
34. h4 a5 35. g5 fxg5 36. hxg5 a4 37. Nf6 Nf8 38. Qc8 h6 39. Qh3 Qg7 40. Ng4
Qxg5 41. Nxh6 Qc1+ 42. Kg2 Qc2+ 43. Kf1 Qb1+ 44. Ke2 Qxa2+ 45. Kf3 Qe6 46. Nf5+
Nh7 47. Qg3 Qf6 48. Qb8+ Nf8 49. Qh2+ Kg8 50. Qg1+ Ng6 51. Ke2 Kf7 52. Nxd4
Nf4+ 53. Kd2 b4 54. Qa1 c5 55. Nc2 Qxa1 56. Nxa1 b3 57. Kc3 Nxd3 58. Nxb3 axb3
59. Kxb3 Ne5 0-1

[Event "Hastings Centenary Masters"]
[Site "Hastings"]
[Date "1995.08.26"]
[Round "8"]
[White "Emms, John M"]
[Black "Atalik, Suat"]
[Result "0-1"]
[WhiteElo "2485"]
[BlackElo "2525"]
[PlyCount "88"]
[EventDate "1995.08.20"]
[EventType "swiss"]
[EventRounds "9"]
[EventCountry "ENG"]
[SourceTitle "BritBase"]
[Source "John Saunders"]
[SourceDate "2023.06.01"]
[SourceVersion "1"]
[SourceVersionDate "2023.06.01"]
[SourceQuality "1"]

1. e4 c5 2. Nf3 d6 3. d4 cxd4 4. Nxd4 Nf6 5. Nc3 Nc6 6. Bc4 Qb6 7. Nb3 e6 8.
Bg5 a6 9. O-O Qc7 10. Bxf6 gxf6 11. Qh5 Rg8 12. f4 Rg6 13. Kh1 b5 14. Bd3 Bb7
15. a4 b4 16. Nd1 Qb6 17. Qe2 f5 18. a5 Qa7 19. Ne3 fxe4 20. Bxe4 Nd4 21. Qd3
Nxb3 22. cxb3 f5 23. Bf3 Bxf3 24. Rxf3 d5 25. Re1 O-O-O 26. Rc1+ Kb7 27. Rf2
Bd6 28. Rfc2 Rg7 29. g3 Rc7 30. Rxc7+ Bxc7 31. Nc2 Qc5 32. Qd2 Rc8 33. Nd4 Bxf4
34. Rxc5 Bxd2 35. Rxc8 Kxc8 36. Nxe6 Be3 37. Kg2 Kd7 38. Ng7 f4 39. Kf3 fxg3
40. hxg3 Bd4 41. Nh5 Be5 42. g4 Ke6 43. Nf4+ Bxf4 44. Kxf4 h6 0-1

[Event "Hastings Centenary Masters"]
[Site "Hastings"]
[Date "1995.08.26"]
[Round "8"]
[White "Howell, James C"]
[Black "Bates, Richard A"]
[Result "1/2-1/2"]
[WhiteElo "2525"]
[BlackElo "2345"]
[PlyCount "90"]
[EventDate "1995.08.20"]
[EventType "swiss"]
[EventRounds "9"]
[EventCountry "ENG"]
[SourceTitle "BritBase"]
[Source "John Saunders"]
[SourceDate "2023.06.01"]
[SourceVersion "1"]
[SourceVersionDate "2023.06.01"]
[SourceQuality "1"]

1. e4 c5 2. Nf3 d6 3. d4 cxd4 4. Nxd4 Nf6 5. Nc3 a6 6. Bg5 Nc6 7. Qd2 e6 8.
O-O-O h6 9. Be3 Bd7 10. f3 Qc7 11. Kb1 b5 12. Bxb5 axb5 13. Ndxb5 Qb8 14. Nxd6+
Bxd6 15. Qxd6 Qxd6 16. Rxd6 Ne5 17. b3 Rc8 18. Kb2 Bc6 19. Rhd1 O-O 20. a4 Ne8
21. Rd8 Rxd8 22. Rxd8 f5 23. Bc5 Rf7 24. b4 Rb7 25. exf5 exf5 26. b5 Bd7 27.
Ka3 Kf7 28. Ne2 g5 29. Nd4 Nf6 30. Rf8+ Kg6 31. Ra8 Nd5 32. Ra7 Rxa7 33. Bxa7
Nc4+ 34. Kb3 Na5+ 35. Ka2 g4 36. fxg4 fxg4 37. g3 Kf6 38. Bb8 h5 39. Kb2 Nc4+
40. Ka2 Na5 41. Kb2 Be8 42. Nb3 Nc4+ 43. Kc1 Nc3 44. Nc5 Ke7 45. Ba7 Kd6
1/2-1/2

[Event "Hastings Centenary Masters"]
[Site "Hastings"]
[Date "1995.08.26"]
[Round "8"]
[White "Hunt, Harriet"]
[Black "Williams, Simon Kim"]
[Result "1-0"]
[WhiteElo "2385"]
[BlackElo "2250"]
[PlyCount "113"]
[EventDate "1995.08.20"]
[EventType "swiss"]
[EventRounds "9"]
[EventCountry "ENG"]
[SourceTitle "BritBase"]
[Source "John Saunders"]
[SourceDate "2023.06.01"]
[SourceVersion "1"]
[SourceVersionDate "2023.06.01"]
[SourceQuality "1"]

1. e4 e6 2. d4 d5 3. Nd2 Nf6 4. e5 Nfd7 5. c3 c5 6. Bd3 Nc6 7. Ne2 cxd4 8. cxd4
f6 9. exf6 Qxf6 10. Nf3 h6 11. O-O Bd6 12. Nc3 O-O 13. Be3 Rd8 14. a3 Nf8 15.
b4 Bd7 16. Re1 Be8 17. Qd2 Bh5 18. Be2 Ng6 19. Rad1 Nf4 20. Bxf4 Bxf4 21. Qd3
Bg6 22. Qb5 Bc2 23. Qxb7 Bxd1 24. Rxd1 Rdc8 25. Na4 Nd8 26. Qd7 Qf7 27. Qxf7+
Kxf7 28. Nc5 Rc7 29. Ba6 Rb8 30. Ne1 Bd6 31. Rc1 Rb6 32. Be2 Be7 33. f4 Bf6 34.
Nf3 Nb7 35. Ne5+ Bxe5 36. fxe5 Ke7 37. Kf2 Rc8 38. Ke3 Nxc5 39. dxc5 Rbb8 40.
Ba6 Rc6 41. Bd3 a6 42. g3 g5 43. Kd4 h5 44. Rf1 Rf8 45. Rxf8 Kxf8 46. h4 gxh4
47. gxh4 Ke7 48. a4 Kd8 49. b5 axb5 50. axb5 Rc8 51. c6 Kc7 52. Kc5 Rb8 53. Be2
d4 54. Bd3 Rg8 55. b6+ Kd8 56. Kd6 Kc8 57. Ba6+ 1-0

[Event "Hastings Centenary Masters"]
[Site "Hastings"]
[Date "1995.08.26"]
[Round "8"]
[White "James, David J"]
[Black "Taylor, Peter P"]
[Result "1-0"]
[WhiteElo "2270"]
[BlackElo "2205"]
[PlyCount "47"]
[EventDate "1995.08.20"]
[EventType "swiss"]
[EventRounds "9"]
[EventCountry "ENG"]
[SourceTitle "BritBase"]
[Source "John Saunders"]
[SourceDate "2023.06.01"]
[SourceVersion "1"]
[SourceVersionDate "2023.06.01"]
[SourceQuality "1"]

1. d4 Nf6 2. c4 e6 3. Nc3 Bb4 4. Qc2 O-O 5. a3 Bxc3+ 6. Qxc3 b6 7. Nf3 Bb7 8.
g3 d6 9. Bg2 Nbd7 10. O-O Qe7 11. b3 Ne4 12. Qc2 f5 13. Rd1 Nef6 14. d5 e5 15.
Ng5 e4 16. Ne6 Rfe8 17. Nd4 g6 18. Bb2 Ne5 19. f3 Rf8 20. Ne6 Rfe8 21. f4 Neg4
22. Qc3 Kf7 23. h3 Nh6 24. Nxc7 1-0

[Event "Hastings Centenary Masters"]
[Site "Hastings"]
[Date "1995.08.26"]
[Round "8"]
[White "Lewis, Andrew P"]
[Black "Gunter, David WW"]
[Result "1-0"]
[WhiteElo "2335"]
[BlackElo "2130"]
[PlyCount "123"]
[EventDate "1995.08.20"]
[EventType "swiss"]
[EventRounds "9"]
[EventCountry "ENG"]
[SourceTitle "BritBase"]
[Source "John Saunders"]
[SourceDate "2023.06.01"]
[SourceVersion "1"]
[SourceVersionDate "2023.06.01"]
[SourceQuality "1"]

1. c4 c5 2. Nf3 Nc6 3. d4 cxd4 4. Nxd4 Qb6 5. Nb3 e6 6. Nc3 Bb4 7. Bd2 Nf6 8.
e3 O-O 9. c5 Qd8 10. a3 Bxc3 11. Bxc3 Ne4 12. Qc2 Nxc3 13. Qxc3 b6 14. Rd1 Ne7
15. Be2 Bb7 16. Bf3 Bxf3 17. gxf3 Nd5 18. Qd4 Qf6 19. Qxf6 Nxf6 20. Rd6 bxc5
21. Nxc5 Rfc8 22. Nd3 Rc7 23. Kd2 Rac8 24. Rc1 Kf8 25. Ra6 Rxc1 26. Nxc1 Rc7
27. b4 Ke7 28. Ne2 Nd5 29. Nd4 Rb7 30. e4 Nc7 31. Ra5 a6 32. Kd3 d6 33. f4 g6
34. f3 Kd7 35. Kc4 f6 36. a4 e5 37. fxe5 fxe5 38. Ne2 Rb8 39. Nc3 Rb6 40. b5
axb5+ 41. axb5 Rb7 42. Kb4 Ne6 43. Ra8 Nd4 44. h4 Ke6 45. Ka5 Nb3+ 46. Ka6 Nc5+
47. Ka5 Nb3+ 48. Ka4 Nd4 49. Ra6 Nxf3 50. b6 h5 51. Ra7 Rxb6 52. Nd5 Ra6+ 53.
Rxa6 Nxh4 54. Ra7 Nf5 55. Rh7 h4 56. exf5+ gxf5 57. Ne3 f4 58. Rh6+ Kd7 59. Nc4
Kc6 60. Nxe5+ Kd5 61. Nd3 Ke4 62. Nxf4 1-0

[Event "Hastings Centenary Masters"]
[Site "Hastings"]
[Date "1995.08.26"]
[Round "8"]
[White "Mah, Karl CC"]
[Black "McDonald, Neil R"]
[Result "1-0"]
[WhiteElo "2200"]
[BlackElo "2425"]
[PlyCount "129"]
[EventDate "1995.08.20"]
[EventType "swiss"]
[EventRounds "9"]
[EventCountry "ENG"]
[SourceTitle "BritBase"]
[Source "John Saunders"]
[SourceDate "2023.06.01"]
[SourceVersion "1"]
[SourceVersionDate "2023.06.01"]
[SourceQuality "1"]

1. d4 e6 2. e4 d5 3. Nd2 dxe4 4. Nxe4 Bd7 5. Nf3 Bc6 6. Bd3 Nd7 7. O-O Ngf6 8.
Qe2 Nxe4 9. Bxe4 Bxe4 10. Qxe4 c6 11. c4 Be7 12. b3 O-O 13. Bb2 Nf6 14. Qe2 Qa5
15. Ne5 Ba3 16. Rad1 Bxb2 17. Qxb2 Rad8 18. b4 Qc7 19. Rd3 Rd6 20. Qc1 Rfd8 21.
Qf4 Qe7 22. Rfd1 Nd7 23. Nf3 Nf8 24. Qe3 Ng6 25. Nd2 Nh4 26. Nb3 Nf5 27. Qe4 b5
28. cxb5 cxb5 29. Nc5 Rd5 30. g4 Nd6 31. Qe2 Nc4 32. f4 Qf6 33. Qf2 Qg6 34. Qg2
h6 35. f5 exf5 36. Nb7 R8d7 37. Nc5 R7d6 38. Nb7 Ne5 39. Nxd6 Nxd3 40. Nxf5 Nf4
41. Ne7+ Kh7 42. Qf3 Qc2 43. Nxd5 Ne2+ 44. Kf1 Qxd1+ 45. Kf2 Qxd4+ 46. Kxe2
Qb2+ 47. Kf1 Qa1+ 48. Kg2 Qxa2+ 49. Kh3 Kg8 50. Qd3 g6 51. Nf6+ Kf8 52. Qe3 Qc4
53. Qc5+ Qxc5 54. Nd7+ Ke7 55. Nxc5 Kd6 56. Nb7+ Kd5 57. Na5 Kd4 58. Nc6+ Kc4
59. Kg3 f6 60. Kf4 Kc3 61. h4 Kc4 62. h5 gxh5 63. gxh5 a5 64. bxa5 Kc5 65. Nb4
1-0

[Event "Hastings Centenary Masters"]
[Site "Hastings"]
[Date "1995.08.26"]
[Round "8"]
[White "Mayers, Dan E"]
[Black "Jain, Naveen"]
[Result "1-0"]
[WhiteElo "2100"]
[BlackElo "2265"]
[PlyCount "29"]
[EventDate "1995.08.20"]
[EventType "swiss"]
[EventRounds "9"]
[EventCountry "ENG"]
[SourceTitle "BritBase"]
[Source "John Saunders"]
[SourceDate "2023.06.01"]
[SourceVersion "1"]
[SourceVersionDate "2023.06.01"]
[SourceQuality "1"]

1. e4 c5 2. d4 cxd4 3. c3 d5 4. exd5 Qxd5 5. cxd4 Nc6 6. Nf3 e6 7. Nc3 Qd6 8.
Bc4 Nf6 9. O-O Be7 10. Nb5 Qb8 11. g3 Nh5 12. d5 Na5 13. Qa4 Nxc4 14. Nd6+ Kd8
15. Nxf7+ 1-0

[Event "Hastings Centenary Masters"]
[Site "Hastings"]
[Date "1995.08.26"]
[Round "8"]
[White "McEwan, Ken B"]
[Black "Duncan, Christopher R"]
[Result "1/2-1/2"]
[WhiteElo "2160"]
[BlackElo "2315"]
[PlyCount "37"]
[EventDate "1995.08.20"]
[EventType "swiss"]
[EventRounds "9"]
[EventCountry "ENG"]
[SourceTitle "BritBase"]
[Source "John Saunders"]
[SourceDate "2023.06.01"]
[SourceVersion "1"]
[SourceVersionDate "2023.06.01"]
[SourceQuality "1"]

1. e4 c5 2. Nf3 d6 3. d4 cxd4 4. Nxd4 Nf6 5. Nc3 g6 6. Be2 Bg7 7. Be3 Nc6 8.
Qd2 O-O 9. O-O d5 10. Rfd1 Nxd4 11. Bxd4 dxe4 12. Qf4 Qd6 13. Qxd6 exd6 14. Nb5
Bd7 15. Nxd6 Bc6 16. Bc4 b6 17. Bc3 Nd7 18. Bxg7 Kxg7 19. Nxe4 1/2-1/2

[Event "Hastings Centenary Masters"]
[Site "Hastings"]
[Date "1995.08.26"]
[Round "8"]
[White "McKenna, Jason P"]
[Black "Mellier, Pierre"]
[Result "0-1"]
[WhiteElo "2150"]
[BlackElo "2210"]
[PlyCount "94"]
[EventDate "1995.08.20"]
[EventType "swiss"]
[EventRounds "9"]
[EventCountry "ENG"]
[SourceTitle "BritBase"]
[Source "John Saunders"]
[SourceDate "2023.06.01"]
[SourceVersion "1"]
[SourceVersionDate "2023.06.01"]
[SourceQuality "1"]

1. e4 e6 2. d3 d5 3. Nd2 c5 4. Ngf3 Nc6 5. g3 Qc7 6. Bg2 Nf6 7. O-O dxe4 8.
dxe4 e5 9. c3 Be7 10. Qc2 h6 11. Nc4 O-O 12. Ne3 Rd8 13. Nh4 Be6 14. Nef5 c4
15. Nxe7+ Qxe7 16. Nf5 Qc7 17. f4 Rd3 18. Ne3 exf4 19. Rxf4 Qb6 20. Qf2 Ne5 21.
h3 Ng6 22. Rxf6 gxf6 23. Bf1 Rd7 24. Qxf6 Qd8 25. Qxd8+ Raxd8 26. Nxc4 Bxc4 27.
Bxc4 Rd1+ 28. Kf2 Ne5 29. Bd5 Rxc1 30. Rxc1 Nd3+ 31. Ke3 Nxc1 32. Kd2 Nxa2 33.
Kc2 Nxc3 34. Kxc3 Rd7 35. Kd4 Kf8 36. Ke5 Re7+ 37. Kf5 b6 38. g4 Rc7 39. g5
hxg5 40. Kxg5 Rc2 41. b3 b5 42. h4 a5 43. h5 a4 44. bxa4 bxa4 45. h6 Rg2+ 46.
Kf5 Rh2 47. Kg5 a3 0-1

[Event "Hastings Centenary Masters"]
[Site "Hastings"]
[Date "1995.08.26"]
[Round "8"]
[White "Menadue, Jeremy FS"]
[Black "Britton, Richard L"]
[Result "0-1"]
[WhiteElo "2255"]
[BlackElo "2320"]
[PlyCount "90"]
[EventDate "1995.08.20"]
[EventType "swiss"]
[EventRounds "9"]
[EventCountry "ENG"]
[SourceTitle "BritBase"]
[Source "John Saunders"]
[SourceDate "2023.06.01"]
[SourceVersion "1"]
[SourceVersionDate "2023.06.01"]
[SourceQuality "1"]

1. d4 Nf6 2. c4 g6 3. Nc3 Bg7 4. e4 d6 5. Nge2 O-O 6. Ng3 e5 7. d5 Na6 8. Be2
h5 9. h4 Qe8 10. Bd2 Ng4 11. f3 Nh6 12. Qc2 c6 13. O-O-O Bd7 14. Kb1 Kh7 15.
Ka1 Nb4 16. Qb3 a5 17. Nf1 f5 18. Ne3 f4 19. Nc2 c5 20. a4 Qe7 21. Be1 Bf6 22.
Bf2 Kg7 23. Rdg1 Kf7 24. Na3 Rh8 25. Qd1 Rag8 26. Bf1 Be8 27. g4 fxg3 28. Bxg3
g5 29. hxg5 Rxg5 30. Bh3 Kf8 31. Be6 Bd7 32. Bxd7 Qxd7 33. Ncb5 Nf7 34. Be1 Ke7
35. Bxb4 axb4 36. Nc2 Rxg1 37. Rxg1 Bg5 38. b3 h4 39. Qe2 h3 40. Rh1 Qc8 41.
Ne1 Bf4 42. Nd3 Qg8 43. Nxf4 exf4 44. Rxh3 Qg1+ 45. Ka2 Rg8 0-1

[Event "Hastings Centenary Masters"]
[Site "Hastings"]
[Date "1995.08.26"]
[Round "8"]
[White "Parker, Jonathan"]
[Black "Rashkovsky, Nukhim N"]
[Result "1/2-1/2"]
[WhiteElo "2415"]
[BlackElo "2560"]
[PlyCount "81"]
[EventDate "1995.08.20"]
[EventType "swiss"]
[EventRounds "9"]
[EventCountry "ENG"]
[SourceTitle "BritBase"]
[Source "John Saunders"]
[SourceDate "2023.06.01"]
[SourceVersion "1"]
[SourceVersionDate "2023.06.01"]
[SourceQuality "1"]

1. d4 Nf6 2. Nf3 e6 3. c4 b6 4. Nc3 Bb7 5. a3 g6 6. d5 exd5 7. cxd5 Bg7 8. g3
O-O 9. Bg2 c5 10. O-O d6 11. Bf4 Re8 12. Re1 h6 13. e4 g5 14. Bd2 Nbd7 15. h3
a6 16. b4 b5 17. Rc1 Rc8 18. Qb3 Nb6 19. bxc5 dxc5 20. Rcd1 Nfd7 21. h4 g4 22.
Nh2 Ne5 23. h5 Rc7 24. Bf4 Nbc4 25. Nb1 Bc8 26. Nd2 Nd6 27. Nhf1 Bd7 28. Ne3
Qc8 29. Qa2 b4 30. axb4 cxb4 31. Qa5 b3 32. Qa3 Nb5 33. Qxb3 Rc3 34. Qb1 Na3
35. Qa2 Nc2 36. Nxc2 Rxc2 37. Qb1 Rb2 38. Qc1 Rc2 39. Qb1 Rb2 40. Qc1 Rc2 41.
Qb1 1/2-1/2

[Event "Hastings Centenary Masters"]
[Site "Hastings"]
[Date "1995.08.26"]
[Round "8"]
[White "Roberts, Paul E"]
[Black "Sahetchian, Armand"]
[Result "1/2-1/2"]
[WhiteElo "2215"]
[BlackElo "2145"]
[PlyCount "109"]
[EventDate "1995.08.20"]
[EventType "swiss"]
[EventRounds "9"]
[EventCountry "ENG"]
[SourceTitle "BritBase"]
[Source "John Saunders"]
[SourceDate "2023.06.01"]
[SourceVersion "1"]
[SourceVersionDate "2023.06.01"]
[SourceQuality "1"]

1. e4 c5 2. c3 d6 3. d4 Nf6 4. f3 Nc6 5. Be3 e6 6. Bd3 cxd4 7. cxd4 Be7 8. Nc3
O-O 9. Nge2 e5 10. d5 Nb4 11. O-O Nxd3 12. Qxd3 Ne8 13. Rac1 f5 14. exf5 Bxf5
15. Ne4 Nf6 16. N2g3 Bg6 17. Qb3 Qd7 18. Ng5 Kh8 19. N3e4 Nxe4 20. Nxe4 h6 21.
Rc4 Bf7 22. Rb4 b6 23. a4 Rfc8 24. a5 bxa5 25. Rb7 Rc7 26. Rxc7 Qxc7 27. Rc1
Qd7 28. Ra1 Bd8 29. f4 Rc8 30. f5 Bc7 31. Bxa7 Qc6 32. f6 Qxd5 33. fxg7+ Kxg7
34. Qg3+ Kh8 35. Qh4 Qe6 36. Ng5 Qf6 37. Nxf7+ Qxf7 38. Qxh6+ Qh7 39. Qf6+ Qg7
40. Qe6 Rg8 41. g3 Qg6 42. Qd7 Rg7 43. Qc8+ Kh7 44. Rc1 Qf7 45. Qh3+ Kg8 46.
Rf1 Qd7 47. Qh6 Bd8 48. Be3 d5 49. Bc5 Be7 50. Bxe7 Qxe7 51. Qc6 Qa7+ 52. Kg2
Qd4 53. Qc8+ Kh7 54. Qf5+ Kg8 55. Qc8+ 1/2-1/2

[Event "Hastings Centenary Masters"]
[Site "Hastings"]
[Date "1995.08.26"]
[Round "8"]
[White "Saunders, John C"]
[Black "Radovanovic, Jovica"]
[Result "0-1"]
[WhiteElo "2240"]
[BlackElo "2280"]
[PlyCount "62"]
[EventDate "1995.08.20"]
[EventType "swiss"]
[EventRounds "9"]
[EventCountry "ENG"]
[SourceTitle "BritBase"]
[Source "John Saunders"]
[SourceDate "2023.06.01"]
[SourceVersion "1"]
[SourceVersionDate "2023.06.01"]
[SourceQuality "1"]

1. c4 Nf6 2. Nc3 g6 3. Nf3 Bg7 4. g3 O-O 5. Bg2 d6 6. O-O c6 7. d3 e5 8. Rb1
Qe7 9. e4 Na6 10. Re1 Nc7 11. b4 h6 12. Bd2 Be6 13. Qc1 Kh7 14. h3 Nd7 15. Nh2
f5 16. Ne2 fxe4 17. dxe4 Qf7 18. Be3 Bxc4 19. Qd2 d5 20. exd5 cxd5 21. f4 d4
22. Bf2 Nd5 23. Rbc1 N7b6 24. a4 Bxe2 25. Rxe2 Nc3 26. Ree1 Nc4 27. Qd3 Rad8
28. a5 Nd6 29. Rxc3 dxc3 30. Bxa7 Nc8 31. Qxc3 exf4 0-1

[Event "Hastings Centenary Masters"]
[Site "Hastings"]
[Date "1995.08.26"]
[Round "8"]
[White "Spanton, Timothy"]
[Black "Chakraborty, Kumardip"]
[Result "1/2-1/2"]
[WhiteElo "2060"]
[BlackElo "1641"]
[PlyCount "130"]
[EventDate "1995.08.20"]
[EventType "swiss"]
[EventRounds "9"]
[EventCountry "ENG"]
[SourceTitle "BritBase"]
[Source "John Saunders"]
[SourceDate "2023.06.01"]
[SourceVersion "1"]
[SourceVersionDate "2023.06.01"]
[SourceQuality "1"]

1. e4 c5 2. Nf3 d6 3. d4 cxd4 4. Nxd4 Nf6 5. Nc3 g6 6. g3 Bg7 7. Bg2 O-O 8. O-O
Nc6 9. Nde2 Bd7 10. Nd5 Nxd5 11. exd5 Ne5 12. Rb1 Qa5 13. a3 Ng4 14. b3 Nf6 15.
Bb2 Rac8 16. c4 b5 17. cxb5 Bxb5 18. a4 Bd7 19. Nd4 Nxd5 20. b4 Nxb4 21. Qe1
Nc6 22. Nxc6 Qxe1 23. Rfxe1 Bxc6 24. Bxg7 Kxg7 25. Rxe7 Bxa4 26. Rxa7 Bc6 27.
Bh3 Rcd8 28. Rc7 Be4 29. Re1 d5 30. f3 Bxf3 31. Rf1 Be2 32. Rf2 Rde8 33. Rd7
Bc4 34. Bg4 h5 35. Bf3 Rd8 36. Rc7 Bd3 37. Rd2 Be4 38. Bd1 Bf5 39. Bb3 Be6 40.
Rd1 Rc8 41. Rxc8 Rxc8 42. Bxd5 Bxd5 43. Rxd5 Rc2 44. h4 Kf6 45. Ra5 Re2 46. Ra7
Re7 47. Ra5 Re2 48. Ra7 Re7 49. Ra5 Re2 50. Ra7 Ke6 51. Ra5 f6 52. Rb5 Re5 53.
Rb6+ Kf5 54. Kf2 g5 55. hxg5 fxg5 56. Kf3 g4+ 57. Kf2 Ra5 58. Rb4 Kg5 59. Rb3
h4 60. gxh4+ Kxh4 61. Kg2 Ra2+ 62. Kg1 Re2 63. Ra3 Rb2 64. Rc3 Rb5 65. Kg2 Rd5
1/2-1/2

[Event "Hastings Centenary Masters"]
[Site "Hastings"]
[Date "1995.08.26"]
[Round "8"]
[White "Turner, Matthew"]
[Black "Arkell, Keith C"]
[Result "1/2-1/2"]
[WhiteElo "2400"]
[BlackElo "2505"]
[PlyCount "85"]
[EventDate "1995.08.20"]
[EventType "swiss"]
[EventRounds "9"]
[EventCountry "ENG"]
[SourceTitle "BritBase"]
[Source "John Saunders"]
[SourceDate "2023.06.01"]
[SourceVersion "1"]
[SourceVersionDate "2023.06.01"]
[SourceQuality "1"]

1. c4 c5 2. Nc3 Nc6 3. g3 g6 4. Bg2 Bg7 5. e3 d6 6. Nge2 Nf6 7. O-O O-O 8. b3
Bf5 9. d4 cxd4 10. Nxd4 Nxd4 11. exd4 Qd7 12. Re1 Bh3 13. Bh1 Rab8 14. Bb2 Rfe8
15. Qd2 a6 16. a4 Qc7 17. Ba3 Bd7 18. Rac1 Qa5 19. c5 dxc5 20. Bxc5 Bc6 21. b4
Qd8 22. Bxc6 bxc6 23. Qe2 Qc8 24. Qc4 Qb7 25. Rb1 Rbd8 26. Na2 Nd7 27. Re4 Nb6
28. Qb3 Rd7 29. h4 Red8 30. Rd1 e5 31. Rde1 Na8 32. dxe5 Nc7 33. h5 Ne6 34. Bd6
Bf8 35. hxg6 hxg6 36. Qe3 Bxd6 37. exd6 Rxd6 38. Qh6 Qe7 39. Nc3 Qg5 40. Qxg5
Nxg5 41. Re8+ Kg7 42. Kg2 Rxe8 43. Rxe8 1/2-1/2

[Event "Hastings Centenary Masters"]
[Site "Hastings"]
[Date "1995.08.26"]
[Round "8"]
[White "Van Zyil Smit, Konrad"]
[Black "Stuart, E Leslie"]
[Result "1-0"]
[WhiteElo "2100"]
[BlackElo "2080"]
[PlyCount "51"]
[EventDate "1995.08.20"]
[EventType "swiss"]
[EventRounds "9"]
[EventCountry "ENG"]
[SourceTitle "BritBase"]
[Source "John Saunders"]
[SourceDate "2023.06.01"]
[SourceVersion "1"]
[SourceVersionDate "2023.06.01"]
[SourceQuality "1"]

1. e4 c5 2. c3 e6 3. d4 d5 4. exd5 exd5 5. Be3 c4 6. b3 cxb3 7. axb3 Bd6 8. Bd3
Nc6 9. Qf3 Nge7 10. Ne2 O-O 11. O-O a6 12. Nd2 Bc7 13. c4 Nb4 14. Bb1 Be6 15.
Ng3 Qd7 16. h3 Rac8 17. Nh5 Ng6 18. Bh6 Qd6 19. g3 Bxh3 20. Bxg7 Bxf1 21. Nxf1
dxc4 22. Ne3 f5 23. Nxf5 Rxf5 24. Bxf5 Rb8 25. Re1 Nf8 26. Be5 1-0

[Event "Hastings Centenary Masters"]
[Site "Hastings"]
[Date "1995.08.26"]
[Round "8"]
[White "Wall, Gavin"]
[Black "Steffens, Olaf"]
[Result "0-1"]
[WhiteElo "2265"]
[BlackElo "2330"]
[PlyCount "110"]
[EventDate "1995.08.20"]
[EventType "swiss"]
[EventRounds "9"]
[EventCountry "ENG"]
[SourceTitle "BritBase"]
[Source "John Saunders"]
[SourceDate "2023.06.01"]
[SourceVersion "1"]
[SourceVersionDate "2023.06.01"]
[SourceQuality "1"]

1. d4 Nf6 2. Nf3 c5 3. d5 b5 4. Bg5 Bb7 5. Bxf6 gxf6 6. e4 Rg8 7. Nc3 b4 8. Ne2
Rg4 9. Ng3 Qc7 10. Nd2 Rg5 11. Nc4 Qf4 12. Bd3 h5 13. Nxh5 Qh4 14. Ng3 e6 15.
Qe2 f5 16. Na5 fxe4 17. Nxe4 c4 18. Nxc4 Rxd5 19. Qf3 Qh8 20. Nf6+ Ke7 21.
Nxd5+ Bxd5 22. Qg3 Bg7 23. Ne3 Bb7 24. Qg5+ Bf6 25. Qc5+ Kd8 26. Qxb4 Nc6 27.
Qxb7 Rb8 28. Qa6 Bxb2 29. Rd1 Rb6 30. Qc4 Rb4 31. Qc5 Bd4 32. Qg5+ Bf6 33. Qg3
Be5 34. Qh3 Rh4 35. Qf3 Rf4 36. Qh3 Rh4 37. Qf3 Rf4 38. Qe2 Bc3+ 39. Rd2 Nd4
40. Qd1 Qe5 41. Be2 Qa5 42. f3 d5 43. Bd3 e5 44. Rf1 Rh4 45. h3 e4 46. Be2 f5
47. fxe4 fxe4 48. Rf7 Ne6 49. Kf1 Bxd2 50. Nc4 dxc4 51. Bxc4 Ng5 52. Rxa7 Qc3
53. Ra8+ Kc7 54. Kg1 Nxh3+ 55. gxh3 Qg3+ 0-1

[Event "Hastings Centenary Masters"]
[Site "Hastings"]
[Date "1995.08.26"]
[Round "8"]
[White "Ward, Christopher G"]
[Black "Conquest, Stuart C"]
[Result "1/2-1/2"]
[WhiteElo "2500"]
[BlackElo "2455"]
[PlyCount "110"]
[EventDate "1995.08.20"]
[EventType "swiss"]
[EventRounds "9"]
[EventCountry "ENG"]
[SourceTitle "BritBase"]
[Source "John Saunders"]
[SourceDate "2023.06.01"]
[SourceVersion "1"]
[SourceVersionDate "2023.06.01"]
[SourceQuality "1"]

1. d4 d6 2. e4 Nf6 3. f3 c5 4. d5 g6 5. c4 Bg7 6. Nc3 O-O 7. Be3 e6 8. Nge2
exd5 9. cxd5 Nbd7 10. Ng3 h5 11. Be2 Ne5 12. h3 Nh7 13. O-O h4 14. Nh1 f5 15.
Qd2 Bd7 16. Nf2 b5 17. f4 Nc4 18. Bxc4 bxc4 19. e5 dxe5 20. Bxc5 Re8 21. fxe5
Bxe5 22. Bd4 Qg5 23. Qxg5 Nxg5 24. Bxe5 Rxe5 25. Rae1 Rae8 26. Rxe5 Rxe5 27.
Nfd1 Nf7 28. Rf4 Nd6 29. Rxh4 Kg7 30. Rd4 g5 31. h4 Kf6 32. Kf1 f4 33. Nf2 Bf5
34. hxg5+ Kxg5 35. Ne2 Be4 36. Nxe4+ Rxe4 37. Rxe4 Nxe4 38. Nc3 Nd6 39. Kf2 Kg4
40. a3 a6 41. a4 Kf5 42. Ke2 Ke5 43. Kd2 Nc8 44. Ke2 Ne7 45. Kf3 Nf5 46. Na2
Nh4+ 47. Kf2 Kxd5 48. Nb4+ Kc5 49. Nxa6+ Kb6 50. Nb8 Kc7 51. Na6+ Kb6 52. Nb8
Kc7 53. Na6+ Kb6 54. Nb8 Kc7 55. Na6+ Kb6 1/2-1/2